III Congreso de ornitología neotropical (Registro nro. 4665)

Detalles MARC
000 -CABECERA
Campo de control 00878nam a2200217 i 4500
005 - FECHA Y HORA DE LA ULTIMA TRANSACCION
Campo de control 20160108041700.0
008 - ELEMENTOS DE LONGITUD FIJA—INFORMACION GENERAL
Campo de control 140317s1987 ck ||||| |||| 00| 0 spa d
040 ## - FUENTE DE CATALOGACIÓN
Agencia catalogadora original CO-BoIAVH
Agencia transcriptora CO-BoIAVH
041 ## - IDIOMA
Código de idioma para texto/pista de sonido o título separado Español
044 ## - PAÍS DE PUBLICACIÓN
País de publicación Colombia
082 04 - NUMERO DE CLASIFICACION DECIMAL DEWEY
Número de clasificación 598.17
Número del ítem C74c3
111 2# - ASIENTO PRINCIPAL--NOMBRE DE REUNION
Nombre de reunión o de jurisdicción como elemento de entrada Congreso de Ornitología Neotropical
Lugar de la reunión Cali
Fecha de la reunión nov. 30 a Dic. 4, 1987
Número de la parte/sección/reunión III
9 (RLIN) 48177
245 14 - MENCION DE TITULO
Título III Congreso de ornitología neotropical
260 ## - PUBLICACION, DISTRIBUCION, ETC. (PIE DE IMPRENTA)
Lugar de publicación, distribución, etc. Cali :
Nombre del editor, distribuidor, etc. Sociedad Vallecaucana de Ornitología,
-- Universidad del Valle :
-- Consejo Internacional para la Preservación de las Aves Sección Colombiana,
Fecha de publicación, distribución, etc. 1987
300 ## - DESCRIPCION FISICA
Extensión 49 páginas ;
Dimensiones 26 cm.
650 14 - ASIENTO SECUNDARIO DE MATERIA - TERMINO TEMATICO
Término temático o nombre geográfico como elemento de entrada Aves
Subdivisión general Ecología
Subdivisión de forma Congresos, conferencias, etc.
9 (RLIN) 48178
650 24 - ASIENTO SECUNDARIO DE MATERIA - TERMINO TEMATICO
Término temático o nombre geográfico como elemento de entrada Ornitología
Subdivisión de forma Congresos, conferencias, etc.
Subdivisión general Congresos, conferencias, etc.
9 (RLIN) 48179
650 24 - ASIENTO SECUNDARIO DE MATERIA - TERMINO TEMATICO
Término temático o nombre geográfico como elemento de entrada Aves
Subdivisión general Hábitos y conducta
9 (RLIN) 48180
942 ## - ELEMENTOS ADICIONALES (KOHA)
Tipo de ítem Libro
Sistema de clasificación Dewey Decimal Classification
945 ## - PROCESAMIENTO LOCAL
AAAA-MM-DD - Fecha de ingreso o modificacion 2005-07-12
Existencias
Withdrawn status Lost status Sistema de Clasificación Damaged status No para préstamo Colección Inventariado Ubicación Permanente Ubicación actual Fecha de adquisición Fuente de Valor Valor Total Checkouts Número topográfico Inventario / Código de Barras Date last seen Ejemplar Price effective from Forma de adquisición Tipo de material
    Dewey Decimal Classification     General Inventariado 2017 Bogotá Bogotá 12/07/2005 Instituto 10000.00   LB-598.17 C74c3 019385 04/12/2012 Ej. 1 04/12/2012   Libro